000
00490nam a2200181Ia 4500
008
100917s9999 xx 000 0 und d
082
_b
45491
100
_a
ब्रह्मांडकर उज्वल
245
_a
जुगार
260
_b
राजेज प्रकाशन
_c
1981
300
_a
132
365
_b
10
520
_a
कादंबरी
630
_a
जुगार
650
_a
कादंबरी
730
_a
जुगार
942
_c
BOOK
999
_c
650885
_d
650882